[Event "4NCL 3 South pool A"]
[Site "Reading, ENG"]
[Date "2017.01.14"]
[Round "3.11"]
[White "Ralphs, Nigel"]
[Black "Martin, Lewis"]
[Result "1/2-1/2"]
[WhiteElo "2059"]
[BlackElo "2102"]
[PlyCount "64"]
[EventDate "2017.01.14"]
[WhiteTeam "Rhyfelwyr Essyllwg"]
[BlackTeam "Brown Jack 1"]

1. e4 c5 2. Nf3 d6 3. Bb5+ Nd7 4. c3 Ngf6 5. Qe2 a6 6. Ba4 b5 7. Bc2 e6 8. O-O
Bb7 9. d4 Be7 10. Re1 O-O 11. Nbd2 Qc7 12. Nf1 cxd4 13. cxd4 Rac8 14. Bb1 Rfd8
15. Ng3 Nf8 16. Bd2 Qb6 17. a4 Bc6 18. d5 exd5 19. Nf5 Re8 20. exd5 Nxd5 21.
Qd3 Bf6 22. Rxe8 Rxe8 23. Nxd6 Rd8 24. axb5 axb5 25. Ba5 Qa6 26. Bxd8 Qxa1 27.
Bxf6 Nxf6 28. Qc2 Bd5 29. Nd2 Qa6 30. Nf5 Qe6 31. Ne3 Bb7 32. Qc7 Qc6 1/2-1/2

[Event "4NCL 3 South pool A"]
[Site "Reading, ENG"]
[Date "2017.01.14"]
[Round "3.12"]
[White "Onley, David E"]
[Black "Hewitt, William"]
[Result "1/2-1/2"]
[WhiteElo "2132"]
[BlackElo "2044"]
[PlyCount "100"]
[EventDate "2017.01.14"]
[WhiteTeam "Brown Jack 1"]
[BlackTeam "Rhyfelwyr Essyllwg"]

1. e4 c6 2. d4 d5 3. Nd2 dxe4 4. Nxe4 Nd7 5. Nf3 Ngf6 6. Ng3 e6 7. Bd3 Be7 8.
O-O O-O 9. Qe2 c5 10. Rd1 Re8 11. c4 Qc7 12. b3 b6 13. Ne4 Bb7 14. Bb2 Nxe4 15.
Bxe4 Bxe4 16. Qxe4 Bf6 17. Rd2 Rad8 18. Rad1 cxd4 19. Nxd4 Nc5 20. Qg4 a6 21.
Nb5 Qe7 22. Nd6 Rf8 23. Bxf6 Qxf6 24. b4 Na4 25. Ne4 Qe7 26. a3 f5 27. Qg5 Rxd2
28. Rxd2 Qxg5 29. Nxg5 Rc8 30. Rc2 h6 31. Nf3 g5 32. Kf1 Kf7 33. Ke2 Kf6 34.
Nd4 e5 35. Nb3 Ke6 36. Ke3 g4 37. f4 exf4+ 38. Kxf4 Rd8 39. c5 bxc5 40. Nxc5+
Nxc5 41. bxc5 Rd4+ 42. Kg3 Kd7 43. Kh4 Rd3 44. Kh5 Rxa3 45. Kxh6 Kc6 46. Kg5
Ra5 47. h4 gxh3 48. gxh3 Rxc5 49. Rxc5+ Kxc5 50. h4 f4 1/2-1/2

[Event "4NCL 3 South pool A"]
[Site "Reading, ENG"]
[Date "2017.01.14"]
[Round "3.13"]
[White "Heaven, Peter"]
[Black "Richmond, Jane"]
[Result "1/2-1/2"]
[WhiteElo "2043"]
[BlackElo "2128"]
[PlyCount "58"]
[EventDate "2017.01.14"]
[WhiteTeam "Rhyfelwyr Essyllwg"]
[BlackTeam "Brown Jack 1"]

1. e4 e5 2. Nf3 Nc6 3. Bb5 Nge7 4. O-O d6 5. c3 a6 6. Ba4 Ng6 7. d4 Be7 8. d5
b5 9. Bc2 Nb8 10. a4 Bd7 11. Na3 O-O 12. axb5 axb5 13. Be3 c5 14. dxc6 Bxc6 15.
c4 b4 16. Nb5 Na6 17. Qd2 b3 18. Bd3 Nc5 19. Rxa8 Bxa8 20. Qc3 Nxe4 21. Qxb3 f5
22. Rd1 Qa5 23. Bxe4 Bxe4 24. Nxd6 Bxf3 25. c5+ Kh8 26. gxf3 h6 27. Qe6 Rf6 28.
Qc8+ Rf8 29. Qe6 Rf6 1/2-1/2

[Event "4NCL 3 South pool A"]
[Site "Reading, ENG"]
[Date "2017.01.14"]
[Round "3.14"]
[White "Girdlestone, Paul C"]
[Black "Trevelyan, John"]
[Result "1-0"]
[WhiteElo "2118"]
[BlackElo "2082"]
[PlyCount "35"]
[EventDate "2017.01.14"]
[WhiteTeam "Brown Jack 1"]
[BlackTeam "Rhyfelwyr Essyllwg"]

1. e4 d6 2. d4 e5 3. Nf3 Nc6 4. Bb5 Bd7 5. O-O Nf6 6. Re1 Be7 7. Nc3 Nxd4 8.
Nxd4 exd4 9. Qxd4 Bxb5 10. Nxb5 O-O 11. Qc3 c6 12. Nd4 d5 13. Nf5 dxe4 14. Bh6
Ne8 15. Rad1 Bf6 16. Rxd8 Bxc3 17. Rxa8 Bxe1 18. Bxg7 1-0

[Event "4NCL 3 South pool A"]
[Site "Reading, ENG"]
[Date "2017.01.14"]
[Round "3.15"]
[White "Hatchett, Paul"]
[Black "Richmond, Peter"]
[Result "1/2-1/2"]
[WhiteElo "2023"]
[BlackElo "2105"]
[PlyCount "32"]
[EventDate "2017.01.14"]
[WhiteTeam "Rhyfelwyr Essyllwg"]
[BlackTeam "Brown Jack 1"]

1. e4 c6 2. d4 d5 3. exd5 cxd5 4. Bd3 Nc6 5. c3 Qc7 6. Ne2 e5 7. dxe5 Nxe5 8.
Bf4 Nxd3+ 9. Qxd3 Bd6 10. Bxd6 Qxd6 11. O-O Nf6 12. Nd2 O-O 13. Nd4 Re8 14.
Rfe1 Bd7 15. h3 a6 16. Rad1 Qf4 1/2-1/2

[Event "4NCL 3 South pool A"]
[Site "Reading, ENG"]
[Date "2017.01.14"]
[Round "3.16"]
[White "Rabbitt, Michael"]
[Black "Doklestic, Igor"]
[Result "0-1"]
[WhiteElo "2039"]
[BlackElo "1890"]
[PlyCount "102"]
[EventDate "2017.01.14"]
[WhiteTeam "Brown Jack 1"]
[BlackTeam "Rhyfelwyr Essyllwg"]

1. e4 c5 2. Nf3 e6 3. d4 cxd4 4. Nxd4 a6 5. Bd3 Qc7 6. O-O Nf6 7. Bg5 Be7 8.
Nc3 Nc6 9. Nb3 b5 10. f4 d6 11. a4 b4 12. Ne2 Ng4 13. Bxe7 Nxe7 14. Qe1 Nc6 15.
Qg3 f5 16. exf5 exf5 17. Kh1 O-O 18. Rfe1 Qa7 19. Bc4+ Kh8 20. h3 Nf2+ 21. Kh2
Ne4 22. Qd3 Ne7 23. Qd4 Qc7 24. a5 Bb7 25. Bd3 Nd5 26. g3 Rac8 27. Ng1 Ndf6 28.
Qxb4 Nh5 29. Ne2 Nc5 30. Ned4 Nxd3 31. cxd3 Qf7 32. Qxd6 Bd5 33. Re7 Qg8 34.
Nc5 Rfd8 35. Nd7 Ba8 36. Qe5 Re8 37. Re1 Rxe7 38. Qxe7 h6 39. Qe5 Qa2 40. Re2
Qb1 41. Qe8+ Rxe8 42. Rxe8+ Kh7 43. Nf8+ Kg8 44. Nfe6+ Kf7 45. Rxa8 Qxb2+ 46.
Kg1 Qc1+ 47. Kg2 Qd2+ 48. Kg1 Qe1+ 49. Kg2 Qxg3+ 50. Kf1 Qxd3+ 51. Ke1 Qe4+ 0-1

[Event "4NCL 3 South pool A"]
[Site "Reading, ENG"]
[Date "2017.01.14"]
[Round "3.21"]
[White "Meszaros, Gyula"]
[Black "Briscoe, Chris"]
[Result "0-1"]
[WhiteElo "2267"]
[BlackElo "2223"]
[PlyCount "43"]
[EventDate "2017.01.14"]
[WhiteTeam "Wood Green MM 1"]
[BlackTeam "Surbiton"]

1. d4 Nf6 2. Nc3 c5 3. d5 d6 4. e4 g6 5. f4 Bg7 6. Bb5+ Nfd7 7. Bd3 Na6 8. Nf3
Rb8 9. O-O O-O 10. Kh1 Nc7 11. a4 a6 12. Qe2 b6 13. f5 gxf5 14. Bg5 Nf6 15. Nh4
b5 16. e5 dxe5 17. Nxf5 e4 18. Bxe4 b4 19. Nxe7+ Kh8 20. Bxf6 Bxf6 21. Qh5 Qxe7
22. Qxh7# 0-1

[Event "4NCL 3 South pool A"]
[Site "Reading, ENG"]
[Date "2017.01.14"]
[Round "3.22"]
[White "Josse, Mark"]
[Black "Srebrnic, Ana"]
[Result "1/2-1/2"]
[WhiteElo "2172"]
[BlackElo "2181"]
[PlyCount "38"]
[EventDate "2017.01.14"]
[WhiteTeam "Surbiton"]
[BlackTeam "Wood Green MM 1"]

1. e4 e5 2. Nf3 Nf6 3. Nxe5 d6 4. Nf3 Nxe4 5. Nc3 Nxc3 6. dxc3 Be7 7. Be3 Nc6
8. Qd2 Be6 9. Nd4 Nxd4 10. cxd4 d5 11. Bd3 Qd7 12. O-O-O O-O-O 13. Kb1 Kb8 14.
Rhe1 Bf6 15. Bg5 Qe7 16. Bxf6 Qxf6 17. c3 Bf5 18. Re2 Qg6 19. Bxf5 Qxf5+
1/2-1/2

[Event "4NCL 3 South pool A"]
[Site "Reading, ENG"]
[Date "2017.01.14"]
[Round "3.23"]
[White "Manelidou, Maria"]
[Black "Seymour, Timothy P"]
[Result "1/2-1/2"]
[WhiteElo "2078"]
[BlackElo "2080"]
[PlyCount "80"]
[EventDate "2017.01.14"]
[WhiteTeam "Wood Green MM 1"]
[BlackTeam "Surbiton"]

1. e4 e5 2. Nf3 Nc6 3. d4 exd4 4. Nxd4 Nf6 5. Nc3 Bb4 6. Nxc6 bxc6 7. Bd3 d6 8.
h3 Nd7 9. O-O Ne5 10. Be3 Be6 11. f4 Nc4 12. Bxc4 Bxc4 13. Rf3 Bxc3 14. bxc3
O-O 15. Qd4 Ba6 16. Rg3 f6 17. Qa4 Bb5 18. Qb3+ Kh8 19. c4 Ba6 20. Rd1 c5 21.
e5 Qe7 22. Qa4 fxe5 23. Bxc5 exf4 24. Rgd3 Bb7 25. Bf2 Qg5 26. g4 Rfe8 27. Qb5
Qxb5 28. cxb5 a6 29. b6 Be4 30. Rc3 cxb6 31. Rxd6 Rad8 32. Rxd8 Rxd8 33. Bxb6
Rd1+ 34. Kf2 h6 35. Ke2 Rh1 36. Bf2 Rc1 37. Kd2 Rf1 38. Ke2 Rc1 39. Kd2 Rf1 40.
Ke2 Rc1 1/2-1/2

[Event "4NCL 3 South pool A"]
[Site "Reading, ENG"]
[Date "2017.01.14"]
[Round "3.24"]
[White "Singleton, Michael P F"]
[Black "Grigoryan, Meri"]
[Result "1/2-1/2"]
[WhiteElo "2095"]
[BlackElo "2012"]
[PlyCount "85"]
[EventDate "2017.01.14"]
[WhiteTeam "Surbiton"]
[BlackTeam "Wood Green MM 1"]

1. d4 d5 2. c4 e5 3. dxe5 d4 4. Nf3 Nc6 5. g3 Nge7 6. Bg2 Ng6 7. Bf4 Nxf4 8.
gxf4 f6 9. Nbd2 fxe5 10. fxe5 Bc5 11. a3 a5 12. Ne4 Qe7 13. Qa4 O-O 14. Nxc5
Qxc5 15. Qb5 Qe7 16. Rd1 Rd8 17. O-O a4 18. c5 Ra5 19. Qd3 Rxc5 20. e3 dxe3 21.
Qxe3 Re8 22. Rfe1 Bg4 23. b4 Bxf3 24. bxc5 Bxd1 25. Bd5+ Kh8 26. Bxc6 bxc6 27.
Rxd1 h6 28. f4 g5 29. fxg5 Qxe5 30. Qxe5+ Rxe5 31. Rd8+ Kh7 32. Rd7+ Kg6 33.
gxh6 Kxh6 34. Rxc7 Rxc5 35. Kf2 Rc3 36. Ke2 Kg5 37. Kd2 Rxa3 38. Rxc6 Rh3 39.
Ra6 a3 40. Kc1 Kf4 41. Ra4+ Ke5 42. Kb1 Rxh2 43. Rxa3 1/2-1/2

[Event "4NCL 3 South pool A"]
[Site "Reading, ENG"]
[Date "2017.01.14"]
[Round "3.25"]
[White "Serbanescu, Diana-Maria"]
[Black "Fenwick, Hugh F"]
[Result "1-0"]
[WhiteElo "1982"]
[BlackElo "1922"]
[PlyCount "39"]
[EventDate "2017.01.14"]
[WhiteTeam "Wood Green MM 1"]
[BlackTeam "Surbiton"]

1. e4 e6 2. d4 d5 3. Nc3 Bb4 4. e5 b6 5. a3 Bxc3+ 6. bxc3 Ne7 7. Nf3 O-O 8. Bd3
h6 9. h4 Na6 10. Bxa6 Bxa6 11. Bf4 c5 12. Qd3 c4 13. Qd2 Qc7 14. Rh3 Ng6 15.
Bxh6 f6 16. Rg3 Kf7 17. h5 gxh6 18. Rxg6 f5 19. Qxh6 Ke8 20. Ng5 1-0

[Event "4NCL 3 South pool A"]
[Site "Reading, ENG"]
[Date "2017.01.14"]
[Round "3.26"]
[White "Alcock, Graham P"]
[Black "Green, Michael"]
[Result "1/2-1/2"]
[WhiteElo "1759"]
[BlackElo "1975"]
[PlyCount "98"]
[EventDate "2017.01.14"]
[WhiteTeam "Surbiton"]
[BlackTeam "Wood Green MM 1"]

1. e4 e6 2. d4 d5 3. Bd3 dxe4 4. Bxe4 Nf6 5. Bf3 c5 6. Ne2 Nc6 7. Bxc6+ bxc6 8.
Nbc3 Ba6 9. Bg5 h6 10. Bh4 Be7 11. dxc5 Qa5 12. O-O O-O 13. Re1 Rfd8 14. Qc1
Qxc5 15. Bxf6 Bxf6 16. Ne4 Qe5 17. Nxf6+ Qxf6 18. c3 c5 19. c4 Rd3 20. b3 Rad8
21. Ng3 Bb7 22. Qa3 Qd4 23. Rab1 Rd2 24. Rf1 Be4 25. Nxe4 Qxe4 26. Rbe1 Re2 27.
Qc1 Qc2 28. Rxe2 Qxe2 29. Qe3 Rd2 30. Qxe2 Rxe2 31. Ra1 Kf8 32. g3 e5 33. Kf1
Rb2 34. Re1 f6 35. Re2 Rb1+ 36. Kg2 Rd1 37. Kf3 a5 38. Ke3 Rd4 39. Rb2 Ke7 40.
Rc2 g5 41. h3 f5 42. Rb2 h5 43. Ke2 Ke6 44. Rb1 e4 45. Rg1 Ke5 46. Ke3 Rd3+ 47.
Ke2 Kd4 48. h4 g4 49. Rc1 Ke5 1/2-1/2

[Event "4NCL 3 South pool A"]
[Site "Reading, ENG"]
[Date "2017.01.14"]
[Round "3.31"]
[White "Swanson, Stephen"]
[Black "Lock, Gavin R"]
[Result "0-1"]
[WhiteElo "2185"]
[BlackElo "2144"]
[PlyCount "74"]
[EventDate "2017.01.14"]
[WhiteTeam "Poisoned Pawns 1"]
[BlackTeam "Wessex"]

1. g3 d5 2. Bg2 c6 3. d3 Nf6 4. Nd2 e5 5. Ngf3 Bd6 6. O-O O-O 7. e4 Re8 8. h3
Nbd7 9. Nh4 Qc7 10. b3 dxe4 11. dxe4 Nf8 12. Nc4 Bc5 13. c3 Be6 14. Qe2 a5 15.
Kh2 b5 16. Ne3 a4 17. Rb1 axb3 18. axb3 Ng6 19. Nhf5 Nf4 20. Qf3 Nxg2 21. Kxg2
Bf8 22. Ng4 Nxe4 23. Re1 Bxf5 24. Qxf5 Nxc3 25. Bd2 Nxb1 26. Nf6+ gxf6 27. Re4
Nxd2 28. Rg4+ Bg7 29. Qxf6 Kf8 30. Qxg7+ Ke7 31. Qg5+ Ke6 32. Qxd2 Qd6 33. Qc1
Qd5+ 34. Kh2 Rg8 35. Qh6+ f6 36. Qe3 Ra1 37. Re4 Qd1 0-1

[Event "4NCL 3 South pool A"]
[Site "Reading, ENG"]
[Date "2017.01.14"]
[Round "3.32"]
[White "Gill, Oliver"]
[Black "Clark, Kevin R"]
[Result "1/2-1/2"]
[WhiteElo "2139"]
[BlackElo "2147"]
[PlyCount "36"]
[EventDate "2017.01.14"]
[WhiteTeam "Wessex"]
[BlackTeam "Poisoned Pawns 1"]

1. e4 e5 2. Nf3 Nf6 3. d4 Nxe4 4. Bd3 d5 5. Nxe5 Bd6 6. O-O O-O 7. c4 Nc6 8.
cxd5 Nxd4 9. Nc4 Nf6 10. Bxh7+ Kxh7 11. Qxd4 Nxd5 12. Rd1 Be6 13. Nxd6 Qxd6 14.
Nc3 Rfd8 15. Ne4 Qb4 16. Ng5+ Kg8 17. Nxe6 fxe6 18. Bg5 Qxd4 1/2-1/2

[Event "4NCL 3 South pool A"]
[Site "Reading, ENG"]
[Date "2017.01.14"]
[Round "3.33"]
[White "Hutchinson, Norman A"]
[Black "McDougall, William M"]
[Result "1-0"]
[WhiteElo "2073"]
[BlackElo "1981"]
[PlyCount "107"]
[EventDate "2017.01.14"]
[WhiteTeam "Poisoned Pawns 1"]
[BlackTeam "Wessex"]

1. e4 c5 2. c3 d5 3. exd5 Qxd5 4. Nf3 Nc6 5. Na3 Nf6 6. d4 cxd4 7. Nb5 Qd8 8.
Nbxd4 Nxd4 9. Qxd4 Qxd4 10. Nxd4 a6 11. Bf4 g6 12. Be2 Bg7 13. Bf3 Nd7 14. Nb3
Ne5 15. Be4 f5 16. Bc2 Nc4 17. O-O-O e5 18. Bg5 O-O 19. Nd2 Nxd2 20. Rxd2 Be6
21. Rd6 Kf7 22. Rhd1 f4 23. f3 Rfe8 24. Rb6 Rab8 25. Ba4 Rf8 26. Rdd6 h6 27.
Rxe6 hxg5 28. Bb3 Kg8 29. Rxg6+ Kh8 30. Rxg5 Bf6 31. Rg6 Bg7 32. Bd5 Rfd8 33.
c4 Rbc8 34. Rgd6 Rxd6 35. Rxd6 b5 36. Rxa6 bxc4 37. Ra8 Rxa8 38. Bxa8 c3 39. b4
e4 40. Bxe4 Bd4 41. g4 fxg3 42. hxg3 Kg7 43. Kc2 Kf6 44. Kd3 Bf2 45. g4 Be1 46.
b5 Ke5 47. b6 Kd6 48. g5 Bh4 49. f4 Bf2 50. b7 Kc7 51. g6 c2 52. Kxc2 Bd4 53.
Kd3 Bf6 54. Kc4 1-0

[Event "4NCL 3 South pool A"]
[Site "Reading, ENG"]
[Date "2017.01.14"]
[Round "3.34"]
[White "Pleasants, Allan J"]
[Black "Davison, Chris"]
[Result "1-0"]
[WhiteElo "2018"]
[BlackElo "2005"]
[PlyCount "75"]
[EventDate "2017.01.14"]
[WhiteTeam "Wessex"]
[BlackTeam "Poisoned Pawns 1"]

1. Nf3 f5 2. g3 g6 3. h4 Nf6 4. d4 d6 5. Bg2 Bg7 6. c4 c5 7. Nc3 Qa5 8. O-O O-O
9. d5 h6 10. Bd2 Qd8 11. Qc2 e5 12. dxe6 Bxe6 13. b3 Nc6 14. Rad1 Qe7 15. Bf4
Rad8 16. Qc1 Kh7 17. Ne1 Nh5 18. Nd3 Ne5 19. Nd5 Bxd5 20. Bxd5 Nxd3 21. exd3
Nxf4 22. Qxf4 Be5 23. Rfe1 Rd7 24. Qf3 Qf6 25. Kg2 f4 26. g4 Qxh4 27. Rh1 Qg5
28. Rh3 Kg7 29. Rdh1 Rh8 30. Bxb7 h5 31. Kf1 Re7 32. gxh5 Re6 33. Be4 a5 34.
hxg6 Ree8 35. Rxh8 Rxh8 36. Rxh8 Kxh8 37. Qh3+ Kg7 38. Qh7+ 1-0

[Event "4NCL 3 South pool A"]
[Site "Reading, ENG"]
[Date "2017.01.14"]
[Round "3.35"]
[White "Kemp, Paul R"]
[Black "Simons, Martin J"]
[Result "1/2-1/2"]
[WhiteElo "2085"]
[BlackElo "2023"]
[PlyCount "62"]
[EventDate "2017.01.14"]
[WhiteTeam "Poisoned Pawns 1"]
[BlackTeam "Wessex"]

1. e4 Nc6 2. Nf3 d5 3. exd5 Qxd5 4. d4 e5 5. Nc3 Bb4 6. Bd2 Bxc3 7. Bxc3 e4 8.
Ne5 Nxe5 9. dxe5 Ne7 10. Qe2 Bf5 11. Rd1 Qc6 12. Qc4 O-O 13. Qxc6 Nxc6 14. Bb5
Nb8 15. Bb4 Rc8 16. O-O c6 17. Bc4 b5 18. Be2 Nd7 19. g4 Be6 20. Bd6 Nb6 21.
Rd4 Na4 22. c4 Nxb2 23. cxb5 cxb5 24. Bxb5 Bc4 25. Bxc4 Rxc4 26. Rxc4 Nxc4 27.
Re1 Re8 28. Rc1 Rc8 29. Re1 Re8 30. Rc1 Rc8 31. Re1 Re8 1/2-1/2

[Event "4NCL 3 South pool A"]
[Site "Reading, ENG"]
[Date "2017.01.14"]
[Round "3.36"]
[White "De Coverly, Roger D"]
[Black "Redman, David J"]
[Result "1-0"]
[WhiteElo "1969"]
[BlackElo "1979"]
[PlyCount "95"]
[EventDate "2017.01.14"]
[WhiteTeam "Wessex"]
[BlackTeam "Poisoned Pawns 1"]

1. Nf3 d5 2. g3 c5 3. Bg2 Nc6 4. d4 cxd4 5. Nxd4 e5 6. Nxc6 bxc6 7. O-O Nf6 8.
c4 Be6 9. Nc3 Be7 10. Bg5 e4 11. Qa4 O-O 12. Rfd1 Nd7 13. Bxe7 Qxe7 14. Qxc6
Ne5 15. Qa6 e3 16. f4 Nxc4 17. Nxd5 Bxd5 18. Rxd5 Rac8 19. b3 Qa3 20. Qxa3 Nxa3
21. Be4 Rfe8 22. Bf5 Rc3 23. Ra5 Nc2 24. Rc1 Nd4 25. Re1 Rd8 26. Kg2 Nc6 27.
Ra6 Rd4 28. Bd3 g6 29. Bc4 Rd6 30. Bb5 Kg7 31. Bxc6 Rcxc6 32. Rxa7 Rd2 33. Kf3
Rc3 34. b4 Rb2 35. a3 Ra2 36. b5 Rb3 37. a4 Kf6 38. Ra6+ Ke7 39. b6 h5 40. a5
Kd8 41. Ra7 f5 42. Rd1+ Rd2 43. Rc1 Rbb2 44. Re1 Rb3 45. Rg7 Rd5 46. a6 Ra5 47.
a7 Rxb6 48. a8=Q+ 1-0

[Event "4NCL 3 South pool A"]
[Site "Reading, ENG"]
[Date "2017.01.14"]
[Round "3.41"]
[White "Friedgood, David"]
[Black "Byron, Alan M"]
[Result "1/2-1/2"]
[WhiteElo "2231"]
[BlackElo "2110"]
[PlyCount "147"]
[EventDate "2017.01.14"]
[WhiteTeam "MK Phoenix 1"]
[BlackTeam "The Rookies"]

1. c4 e5 2. Nc3 Nf6 3. Nf3 Nc6 4. e4 Bc5 5. Nxe5 Bxf2+ 6. Kxf2 Nxe5 7. d4 Ng6
8. e5 Ng8 9. Qh5 d6 10. Bg5 Qd7 11. exd6 Qf5+ 12. Kg3 Nf6 13. Qe2+ Be6 14. h4
O-O-O 15. Qf3 Rxd6 16. Bxf6 gxf6 17. Qxf5 Bxf5 18. h5 Ne7 19. d5 Rg8+ 20. Kf2
Rdd8 21. Rd1 Rg5 22. Be2 h6 23. Rh4 Bh7 24. Ne4 Bxe4 25. Rxe4 Re5 26. Bg4+ Kb8
27. Rde1 Rxe4 28. Rxe4 Ng8 29. Bd7 c6 30. d6 f5 31. Re8 Rxe8 32. Bxe8 Nf6 33.
Bxf7 Ne4+ 34. Ke3 Nxd6 35. Be6 c5 36. Kf4 Kc7 37. Ke5 a6 38. Kf6 f4 39. Kg6 Kd8
40. Kxh6 Ke7 41. Bd5 Kf6 42. Kh7 b6 43. b3 Nf5 44. Bb7 Kg5 45. Bc8 Nd6 46. Bxa6
Kxh5 47. Bb5 Kg5 48. Kg7 Kf5 49. Bd7+ Ke5 50. Kg6 Ne4 51. Bf5 Nc3 52. a3 Ne2
53. Bc2 Nd4 54. Bd1 Ke4 55. Kf6 Kd3 56. Ke5 Kd2 57. Bh5 Ke3 58. b4 cxb4 59.
axb4 Nc6+ 60. Kd6 Nxb4 61. Kc7 Kd4 62. Kxb6 Kxc4 63. Kc7 Kd5 64. Kd7 Nd3 65.
Bf3+ Ke5 66. Ke7 Nc1 67. Ba8 Kf5 68. Kf7 Kg4 69. Kf6 Nd3 70. Bf3+ Kg3 71. Kf5
Ne1 72. Ba8 Nxg2 73. Bxg2 Kxg2 74. Kxf4 1/2-1/2

[Event "4NCL 3 South pool A"]
[Site "Reading, ENG"]
[Date "2017.01.14"]
[Round "3.42"]
[White "Jones, Christopher M"]
[Black "Tippleston, Charles E"]
[Result "1/2-1/2"]
[WhiteElo "2111"]
[BlackElo "2108"]
[PlyCount "57"]
[EventDate "2017.01.14"]
[WhiteTeam "The Rookies"]
[BlackTeam "MK Phoenix 1"]

1. e4 c5 2. Nc3 e6 3. g3 d5 4. Bg2 Nf6 5. d3 dxe4 6. Nxe4 Be7 7. Ne2 O-O 8. O-O
Nc6 9. Be3 Qa5 10. Qd2 Qxd2 11. Bxd2 Nxe4 12. dxe4 b6 13. e5 Bb7 14. f4 Rfd8
15. Bc3 Rd7 16. f5 exf5 17. Rxf5 Rad8 18. Raf1 c4 19. Kh1 Bc5 20. g4 Nb4 21.
Bxb7 Rxb7 22. Bxb4 Bxb4 23. R5f4 b5 24. Nd4 Re8 25. Re4 Bc5 26. e6 fxe6 27.
Nxe6 Rbe7 28. Rfe1 Bd6 29. Ng5 1/2-1/2

[Event "4NCL 3 South pool A"]
[Site "Reading, ENG"]
[Date "2017.01.14"]
[Round "3.43"]
[White "Fraser-Mitchell, Jeremy N"]
[Black "Compton, Alistair"]
[Result "1-0"]
[WhiteElo "2069"]
[BlackElo "2094"]
[PlyCount "57"]
[EventDate "2017.01.14"]
[WhiteTeam "MK Phoenix 1"]
[BlackTeam "The Rookies"]

1. f4 d6 2. Nf3 Bg4 3. e3 Nd7 4. h3 Bxf3 5. Qxf3 c6 6. b3 e5 7. Bb2 Ngf6 8. Nc3
Qc7 9. O-O-O O-O-O 10. g4 exf4 11. exf4 d5 12. g5 Ne8 13. h4 Bd6 14. Bh3 f6 15.
Rhf1 Rf8 16. Ne2 fxg5 17. hxg5 g6 18. f5 Be5 19. Qe3 Kb8 20. f6 h6 21. Bxd7
Bxb2+ 22. Kxb2 Rxd7 23. Nf4 d4 24. Qe4 Nd6 25. Qxg6 Qb6 26. Ne6 Re8 27. f7 Nc4+
28. Ka1 Rxf7 29. Qxf7 1-0

[Event "4NCL 3 South pool A"]
[Site "Reading, ENG"]
[Date "2017.01.14"]
[Round "3.44"]
[White "Piper, Stephen J"]
[Black "Elwin, Adrian G"]
[Result "1-0"]
[WhiteElo "2078"]
[BlackElo "2015"]
[PlyCount "101"]
[EventDate "2017.01.14"]
[WhiteTeam "The Rookies"]
[BlackTeam "MK Phoenix 1"]

1. c4 Nf6 2. Nc3 g6 3. g3 Bg7 4. Bg2 d6 5. d3 c6 6. e4 e5 7. Nge2 Bg4 8. h3 Be6
9. O-O Na6 10. Rb1 Qd7 11. Kh2 h5 12. h4 Ng4+ 13. Kg1 f6 14. f3 Nh6 15. b4 Nf7
16. f4 Bg4 17. d4 exd4 18. Qxd4 Nc7 19. Rd1 O-O 20. Qd3 Qe7 21. b5 Ne6 22. bxc6
bxc6 23. Ba3 Rad8 24. Re1 Rfe8 25. Qc2 Qc7 26. Rb3 Rb8 27. Reb1 Rb6 28. Qd2
Reb8 29. Nd4 Nxd4 30. Qxd4 Rxb3 31. Rxb3 Rxb3 32. axb3 f5 33. Qd2 Qb6+ 34. c5
dxc5 35. e5 Nxe5 36. fxe5 Bxe5 37. Nd5 Bd4+ 38. Kh2 cxd5 39. Bxd5+ Kg7 40. Bc1
Kf8 41. Qh6+ Bg7 42. Qh7 f4 43. Qg8+ Ke7 44. Qxg7+ Kd6 45. Bc4 fxg3+ 46. Kxg3
Kc6 47. Bf4 Bf5 48. Qf7 Qd8 49. Qxa7 Bc8 50. Qa4+ Kb6 51. Qb5+ 1-0

[Event "4NCL 3 South pool A"]
[Site "Reading, ENG"]
[Date "2017.01.14"]
[Round "3.45"]
[White "Freeman, Richard C P"]
[Black "Jaszkiwskyj, Peter"]
[Result "1/2-1/2"]
[WhiteElo "2022"]
[BlackElo "1959"]
[PlyCount "43"]
[EventDate "2017.01.14"]
[WhiteTeam "MK Phoenix 1"]
[BlackTeam "The Rookies"]

1. c4 c6 2. g3 Nf6 3. Bg2 d5 4. Nf3 Bf5 5. O-O e6 6. b3 h6 7. d3 Be7 8. Bb2 O-O
9. Nbd2 Bh7 10. Ne5 Nbd7 11. Ndf3 Qc7 12. Re1 Bb4 13. Rf1 Rad8 14. Qc1 Rfe8 15.
a3 Bf8 16. b4 a5 17. c5 Ra8 18. Re1 Ra6 19. Qd2 Rea8 20. Rec1 axb4 21. axb4 Qd8
22. Qc3 1/2-1/2

[Event "4NCL 3 South pool A"]
[Site "Reading, ENG"]
[Date "2017.01.14"]
[Round "3.46"]
[White "Ressel, Eva"]
[Black "Smith, Graham"]
[Result "0-1"]
[WhiteElo "1742"]
[BlackElo "2013"]
[PlyCount "74"]
[EventDate "2017.01.14"]
[WhiteTeam "The Rookies"]
[BlackTeam "MK Phoenix 1"]

1. e4 e6 2. d4 d5 3. Nc3 Nf6 4. Bg5 Bb4 5. e5 h6 6. Bd2 Bxc3 7. Bxc3 Ne4 8. Qg4
O-O 9. Bb4 c5 10. Bxc5 Nxc5 11. dxc5 Nd7 12. Qd4 Qc7 13. f4 Nxc5 14. Bd3 Qa5+
15. b4 Nxd3+ 16. cxd3 Qa3 17. Ne2 Bd7 18. O-O Rac8 19. Rfb1 Ba4 20. Qxa7 Qxd3
21. Qxa4 Qxe2 22. Re1 Qd2 23. Qd1 Qxf4 24. b5 Rc4 25. Qf3 Qd4+ 26. Qe3 Qg4 27.
h3 Qg6 28. Rac1 Rfc8 29. a4 Rc2 30. g4 R8c3 31. Qf4 Qd3 32. Rxc2 Rxc2 33. Rf1
Qxh3 34. Qxf7+ Kh7 35. Rf2 Rc1+ 36. Rf1 Qg3+ 37. Kh1 Rc2 0-1